| 000 | 01167nam a2200301 i 4500 | ||
|---|---|---|---|
| 001 | bg | ||
| 003 | KOSZ 005 | ||
| 005 | 20191018140640.0 | ||
| 008 | 080428s1961 pl a f 001 0 pol | ||
| 015 | _aPB 1961/2537 | ||
| 040 |
_aWA N _cKOSZ 005/RW _dKOSZ 005/RW |
||
| 080 | _a621:536 | ||
| 100 | 1 |
_aOchęduszko, Stanisław _d(1899-1969). _eAutor |
|
| 245 | 1 | 0 |
_aTeoria maszyn cieplnych. _nCz. 2, _pTeoria maszyn cieplnych / _cStanisław Ochęduszko. |
| 250 | _aWyd. 2 popr. i uzup. | ||
| 260 |
_aWarszawa : _bPaństwowe Wydawnictwa Techniczne, _c1961. |
||
| 300 |
_a534, [1] s. : _bil. ; _c25 cm. |
||
| 380 | _aKsiążki. | ||
| 504 | _aBibliogr. s. [524]-525. Indeks. | ||
| 521 | 8 | _aDla magistrów nauk techn. i aspirantów, dla inżynierów energetyków, studentów szk. inżyn. i techników. | |
| 580 | _aCz. 1 poz. 6060/1957. | ||
| 650 | 4 |
_aMaszyny cieplne _xteoria. |
|
| 650 | 4 | _aTermodynamika techniczna | |
| 655 | 4 | _aPodręcznik | |
| 710 | 2 |
_aPaństwowe Wydawnictwa Techniczne _4pbl. |
|
| 856 |
_uhttp://koha.tu.koszalin.pl/cgi-bin/koha/opac-detail.pl?biblionumber=10666 _yKatalog online BPK |
||
| 942 |
_2UKD _cKS |
||
| 999 |
_c10666 _d10666 |
||